| LEADER 00000nam 2200000uu 4500 |
| 001 212283 |
| 003 ULIBM |
| 008 020711s2561 th a 000 0 tha d |
| 020 9786169311706
|
| 041 ^atha^beng
|
| 060 4 WN 206 ก451 2561
|
| 245 การตรวจเพทในภาวะสมองเสื่อม=^bPET imaging in dementia/^cบรรณาธิการ ชนิสา โชติพานิช
|
| 246 31 ^aPET imaging in dementia
|
| 250 พิมพ์ครั้งที่ 1
|
| 260 กรุงเทพฯ :^bศูนย์ไซโคลตรอนและเพทสแกนแห่งชาติ โรงพยาบาลจุฬาภรณ์ วิทยาลัย ,^c2561
|
| 300 xxxiii,521 หน้า^bภาพประกอบ:24 ซม.
|
| 650 4 การบันทึกภาพด้วยรังสีทางการแพทย์^xการใช้วินิจฉัย
|
| 650 4 ^aโทโมกราฟีย์, การบันทึกภาพรังสีด้วยคอมพิวเตอร์^xการใช้วินิจฉัย
|
| 650 4 ^a^aสมองเสื่อม^xการวินิจฉัย
|
| 700 0 ^aชนิสา โชติพานิช,^eบรรณาธิการ
|
| 710 2 ^aโรงพยาบาลจุฬาภรณ์. ศูนย์ไซโคลตรอนและเพทสแกนแห่งชาติ
|
| 710 2 ^aราชวิทยาลัยจุฬาภรณ์. วิทยาศาสตร์การแพทย์เจ้าฟ้าจุฬาภรณ์
|
| 856 ^zการตรวจเพทในภาวะสมองเสื่อม.pdf (สารบัญหนังสือ)^uhttp://110.164.94.213/ULIB62015//_fulltext/5/212283/20190404095441_4951.pdf |
| 999 ^aใช้งานได้ทุกระบบ
|